Africa y America Latina: Perspectivas de Cooperación Interregional /

Salvato in:
Dettagli Bibliografici
Enti autori: NU. Programa de las Naciones Unidas para el desarrollo, Comisión Económica para Africa CEPAL
Natura: testo
Pubblicazione: Santiago: CEPAL
Tags: Aggiungi Tag
Nessun Tag, puoi essere il primo ad aggiungerne!!

MARC

LEADER 00000 a a2200000 04500
001 25284
003
040
090 |a 180900  
110 |a NU. Programa de las Naciones Unidas para el desarrollo  
245 |a Africa y America Latina: Perspectivas de Cooperación Interregional /  |c NU. Programa de las Naciones Unidas para el desarrollo  
260 |a Santiago:   |b CEPAL  
300 |a 275 p.   |b **no definido**  
710 |a Comisión Económica para Africa   |a CEPAL  
999 |c 5104  |d 5104